Viajeros europeos y norteamericanos en América Central (1821-1918): compilación biográfica preliminar /
El texto presenta una compilación de biografías de viajeros europeos y norteamericanos que visitaron América Central durante el período de 1821 a 1918. Estos viajeros, a través de sus escritos y observaciones, proporcionaron valiosa información sobre la región centroamericana en ese período históric...
Salvato in:
| Autore principale: | |
|---|---|
| Natura: | testo |
| Lingua: | Spanish |
| Soggetti: | |
| Tags: |
Aggiungi Tag
Nessun Tag, puoi essere il primo ad aggiungerne!!
|
MARC
| LEADER | 00000 a a2200000 04500 | ||
|---|---|---|---|
| 001 | 46873 | ||
| 003 | cru IIS | ||
| 005 | 20231205135219.0 | ||
| 008 | 231205b |||||||| |||| 00| 0 spa d | ||
| 040 | |c CIDCACS | ||
| 090 | |a REV1052 (25) 2011 | ||
| 100 | |a Künne, Martin | ||
| 245 | |a Viajeros europeos y norteamericanos en América Central (1821-1918): |b compilación biográfica preliminar / |c Martin Künne | ||
| 520 | |a El texto presenta una compilación de biografías de viajeros europeos y norteamericanos que visitaron América Central durante el período de 1821 a 1918. Estos viajeros, a través de sus escritos y observaciones, proporcionaron valiosa información sobre la región centroamericana en ese período histórico. El autor ha recopilado información biográfica sobre estos viajeros, destacando sus contribuciones a la comprensión de la cultura, la sociedad, la política y la geografía de América Central en ese momento. La obra sirve como una referencia importante para aquellos interesados en la historia y la exploración de América Central durante el siglo XIX y principios del XX. RAR 11/23 | ||
| 650 | 0 | |a EXPLORACIONES |2 OCDE |9 5515 | |
| 650 | 0 | |a HISTORIA |2 OCDE |9 136 | |
| 650 | 0 | |a BIOGRAFIAS |2 UNESCO |9 631 | |
| 650 | 0 | |a POLITICA |2 OCDE |9 3691 | |
| 650 | 0 | |a GEOGRAFIA |2 OCDE |9 392 | |
| 651 | 0 | |a AMERICA CENTRAL |2 OCDE |9 128 | |
| 773 | |g número25, (2011), páginas 189-212 | ||
| 942 | |2 ddc |c PP | ||
| 999 | |c 30581 |d 30581 | ||
